000 00415nam a2200181Ia 4500
005 20240823044222.0
008 240823s9999||||xx |||||||||||||| ||und||
041 _aENGLISH
082 _A822.3
100 _aVarshney R L
245 4 _aThe White Devil
250 _a1st
260 _c1998
_b"Lakshmi Narain Agarwal,Agra"
500 _aTRANSFERED
650 _aNovel
_bEnglish
942 _cBK
999 _c212049
_d212049